| 000 | 00381nam a2200157 a 4500 | ||
|---|---|---|---|
| 001 | 3189 | ||
| 005 | 20140414131913.0 | ||
| 008 | 060202s19uu xx 00 eng d | ||
| 020 | _a983-063-915-0 | ||
| 050 |
_aER _bF84 |
||
| 245 | _aFrogs and the snake (The). | ||
| 260 |
_bRhythm. _aMalaysia : |
||
| 300 | _a24 p. : ill. ; cm. | ||
| 650 |
_aAnimals _xFiction. |
||
| 999 |
_c111329 _d111329 |
||